000 00394nam a2200169Ia 4500
003 IT-RoPAU
008 120407s9999 xx 000 0 und d
040 _aIT-RoPAU
040 _cIT-RoPAU
100 _aDino Formaggio
245 _aVenti lezioni sulle belle arti con un saggio sull'estetica di Alain
260 _aAteneo
300 _c cm
490 _v1
700 _aAlain
942 _cBK
999 _c1003
_d1003